000 00214 a2200085 4500
020 _a9781789500899
100 _aBARBER BARRINGTON
245 _aDRAWING ANATOMY: AN ARTISTS GUIDE TO THE HUMAN FIGURE
260 _bARCTURUS
999 _c13078
_d13078